00414nam a2200109Ia 4500008004100000245015100041260002900192260000900221300000600230650001300236856005500249170516s9999 xx 000 0 und d aAnalysis of Hydroxy Fatty Acids from the Pollen of Brassica campestris L. var. oleifera DC. by UPLC-MS/MS, Nian-Yun Yang, Yi-Fang Yang, and Kun Li bJournal of Pharmaceutics c2013 a: xPharmacy uhttps://www.hindawi.com/journals/jphar/contents/4/